000 00414nam a2200181Ia 4500
005 20250425161647.0
008 250425s9999 xx 000 0 und d
041 _aeng
082 _a550
100 _aPHILLIPS, O M
245 0 _aTHE HEART OF THE EARTH
250 _aS.E.
260 _aEstados Unidos
_bFREEMAN, COOPER
_c1968
260 _aSAN FRANCISCO
300 _a236
942 _c01
010 _a25294
999 _c213552
_d213552